000 00963cam a2200205 4500
001 WB3805-03
008 020207n2002 000 0 eng u
035 _a(Sirsi) u116641
245 _aWhite asbestos still a threat
260 _c2002
490 _aHealth & Safety Executive
_v 5 February 2002, (4)
520 _aHSE has confirmed that white asbestos remains a major health hazard. HSE will soon be putting forward new legislation to introduce a new duty which will seek to deal with the risks of asbestos in buildings. A consultative document, setting out the latest proposals, was published on 21 November 2001. Responses are due by 19 February 2002. Further information at http://www.hse.gov.uk
590 _aWB
650 _aMANAGEMENT-HEALTH AND SAFETY-HAZARDOUS SUBSTANCES-ASBESTOS
650 _aWHITE ASBESTOS
650 _aHEALTH AND SAFETY EXECUTIVE
650 _aCHRYSOTILE
690 _aBUILT ENVIRONMENT-BUILDING STANDARDS
942 _n0
999 _c69460
_d69460